000 00683nam a2200229Ia 4500
003 OSt
005 20220923214135.0
006 a|||||r|||| 00| 0
007 ta
008 220922b |||||||| |||| 00| 0 hin d
024 _a167,282
037 _cTextual
040 _aARTS
_cARTS
_bhin
041 _2hin
_ahin
082 _aO152,1K15x, J2
100 _aमिश्र, विश्वनाथ प्रसाद, संपा.
245 0 _aघनानंद
246 _aGhanānanda
260 _c1952
942 _hO152,1K15x, J2
_cTEXL
_2CC
999 _c321761
_d321761